[Event "Linares-03"]
[Site "Linares"]
[Date "1981.01.25"]
[Round "7"]
[White "Bellon Lopez, Juan Manuel"]
[Black "Portisch, Lajos"]
[Result "0-1"]
[WhiteElo "2415"]
[BlackElo "2650"]
[Annotator "Kharitonov,A"]
[PlyCount "112"]
[EventDate "1981.01.17"]
[EventType "tourn"]
[EventRounds "11"]
[EventCountry "ESP"]
[EventCategory "13"]
[SourceTitle "MCL"]
[Source "ChessBase"]
[SourceDate "1999.07.01"]
[SourceVersion "1"]
[SourceVersionDate "1999.07.01"]
[SourceQuality "1"]

1. e4 c5 2. Nf3 d6 3. d4 cxd4 4. Nxd4 Nf6 5. Nc3 a6 6. f4 e5 7. Nf3 Nbd7 8. a4
(8. Bc4 b5 9. Bb3 (9. Bd5 Nxd5 10. Nxd5 Bb7 $13) 9... b4 10. Ne2 (10. Ng5 $2
bxc3 11. Nxf7 Qa5) 10... Be7 $13) 8... Be7 $5 (8... Qc7 $5 9. Bd3 Be7 10. O-O
O-O 11. Kh1 Re8 12. Nh4 exf4 $1 13. Bxf4 Nc5 $13 {Sokolov,A-Novikov,I/URS(ch)/
1984/1:0 (43/)}) 9. Bc4 O-O 10. O-O exf4 (10... Qb6+ {Bellon Lopez,J.M-Ribli,Z/
Linares/1981/}) 11. Bxf4 Qb6+ 12. Qd4 $5 (12. Kh1 Qxb2 13. Qd2 Qb6 14. Rae1 $44
) 12... Qxd4+ (12... Qxb2 $2 13. Rfb1 Qxc2 14. Bd3 $18) 13. Nxd4 Ne5 14. Bd5 $6
(14. Bb3 $142 {/\Nf5+/=/}) 14... Bd8 $1 15. a5 (15. Nf5 Bxf5 16. exf5 Bb6+ 17.
Kh1 Bd4 $13) 15... Rb8 (15... Nxd5 16. Nxd5 $16) 16. h3 (16. Nf5 Bxf5 17. exf5
b6 $1 18. axb6 Bxb6+ 19. Kh1 Bd4 20. Bb3 $13) 16... Re8 17. Rfd1 Be6 18. Bxe6
$6 (18. Nxe6 $142 fxe6 19. Bb3 Bc7) 18... fxe6 $15 19. Bxe5 $2 (19. Nde2 Bc7
20. b3 Kf7 $15) 19... dxe5 20. Nf3 Bc7 $15 21. Nd2 (21. b4 Rbc8 22. Rd3 Rb8 $17
) 21... Rbd8 22. Nb3 Bb8 $1 {/\Ba7-d4/} 23. Rd3 (23. Rxd8 Rxd8 24. Re1 Rc8 $1
25. Rd1 Kf7 26. Kf2 Ke7 27. Kf3 Ba7 $17) 23... Ba7+ 24. Kh2 (24. Kf1 Rxd3 25.
cxd3 Nh5 $40) 24... Rxd3 25. cxd3 Rd8 26. Rd1 h5 $1 27. g3 h4 $1 28. g4 (28.
gxh4 Nh5) 28... Nh7 $1 29. Na4 Be3 $1 30. Kg2 (30. Nbc5 Rf8 31. Nxe6 Rf2+ 32.
Kh1 Kf7 33. Nac5 (33. Nd8+ Kg6 34. Nxb7 Ng5 $19) 33... Rxb2 34. Rf1+ Ke7 $19)
30... Ng5 31. Nbc5 Rf8 32. Rf1 Rf4 (32... Rxf1 33. Kxf1 Nxh3 34. Nxe6 Kf7 $17)
33. Nd7 (33. Rxf4 exf4 34. Nxb7 f3+ 35. Kf1 Nxh3 36. Nbc5 Ng5 {/\h3-+/}) (33.
Nxb7 $5 Nxh3 34. Rxf4 (34. Rh1 Nf2 35. Rxh4 Nxd3 $17) 34... Nxf4+ 35. Kh2 Nxd3
$17) 33... Rxf1 34. Kxf1 Nxh3 35. Nxe5 Nf4 36. Nf3 h3 $19 37. Nc3 (37. d4 Bxd4
38. Nxd4 h2) (37. b4 Bd4 $1) 37... Bc5 38. Nd1 (38. d4 Bxd4) 38... Nxd3 39. Ng5
Nf4 40. Nf3 Kf8 41. Nf2 Ke7 42. e5 Kd7 (42... Bxf2 43. Kxf2 Nd3+ 44. Kg3 Nxb2
45. Kxh3 Nc4 $19) 43. Ne4 Kc6 44. b3 Ba7 (44... Bb4 $1) 45. Nd6 Kd5 46. b4 (46.
Nxb7 Ke4 47. Ng5+ Kxe5 48. Nf3+ Ke4 49. Ng5+ Kd5 50. Nf3 e5 $19) 46... Bd4 47.
Nxb7 Ke4 48. Ng5+ Kxe5 49. Nf3+ Kd5 50. Nc5 e5 51. Nb3 (51. Nxa6 e4 52. Nc7+
Kc4 53. Nd2+ (53. Nh2 e3) 53... Kd3 $19) 51... Be3 52. Na1 e4 53. Nc2 Ba7 (
53... exf3 54. Nxe3+ Ke4 55. Nd1 h2 56. Nf2+ Kd5 57. Nh1 Nd3 $22 $19) 54. Nh2
Kc4 55. g5 Kc3 56. Ne1 Kxb4 0-1

[Event "Yerevan Zonal"]
[Site "Yerevan"]
[Date "1981.02.??"]
[Round "9"]
[White "Dolmatov, Sergey"]
[Black "Tseshkovsky, Vitaly"]
[Result "0-1"]
[WhiteElo "2545"]
[BlackElo "2530"]
[Annotator "Kharitonov,A"]
[PlyCount "80"]
[EventDate "1982.02.??"]
[EventType "tourn"]
[EventRounds "15"]
[EventCountry "URS"]
[EventCategory "12"]
[SourceTitle "MCL"]
[Source "ChessBase"]
[SourceDate "1999.07.01"]
[SourceVersion "1"]
[SourceVersionDate "1999.07.01"]
[SourceQuality "1"]

1. e4 c5 2. Nf3 d6 3. d4 cxd4 4. Nxd4 Nf6 5. Nc3 a6 6. f4 e5 7. Nf3 Nbd7 8. a4
Qc7 9. Bd3 g6 (9... b6 10. O-O Bb7 11. Qe2 Be7 12. fxe5 dxe5 (12... Nxe5 $5)
13. Nh4 g6 14. Bh6 Bf8 15. Bxf8 Kxf8 16. Bc4 $14 (16. Rf3 Kg7 17. Raf1 Rhf8 18.
Bc4 $16 {Dolmatov,S-Tukmakov,V/Erevan(zt)/1982/0,5 (34) Inf 33/379/})) 10. O-O
Bg7 11. Kh1 $6 (11. Qe1 $5 b6 (11... O-O 12. Qh4 $36) 12. Qh4 Bb7 13. fxe5 dxe5
14. Bh6 O-O 15. Ng5 Rae8 16. Rf2 $6 (16. g4 $5) 16... Nh5 $1 17. Bxg7 Kxg7 $13
{Zhidkov,V-Kondratjev,P/URS/1962/0:1 (33)}) 11... b6 12. Qe1 Bb7 13. Be3 $6 (
13. Qh4 $142 O-O 14. fxe5 dxe5 15. Bh6 Nh5 16. Bxg7 Kxg7 17. Ng5 Ndf6 $13)
13... O-O 14. Qh4 Rae8 15. fxe5 (15. f5 $2 gxf5 16. exf5 e4 $19) 15... dxe5 16.
Nd2 (16. Bh6 Nh5 17. Bxg7 Kxg7 18. Ng5 h6 $15) 16... Nh5 $1 17. Bc4 (17. Ne2
Nc5 18. g4 Nf4 19. Nxf4 exf4 20. Bxf4 Qd7 $17) 17... Nf4 $5 18. Ne2 $2 (18.
Bxf4 $142 exf4 19. Qxf4 (19. Rxf4 $2 Bxc3 20. bxc3 Ne5 21. Qh6 Nxc4 22. Rh4 f6
23. Nxc4 Rxe4 $17) 19... Be5 (19... Qxf4 20. Rxf4 Bxc3 21. bxc3 Nc5 $13) 20.
Qf3 (20. Qh4 $2 Bxc3 21. bxc3 Ne5 $17) 20... Nf6 $44) 18... Bxe4 $1 19. Nxf4
exf4 20. Bxf4 (20. Rxf4 Bxg2+ 21. Kxg2 Rxe3 $19) 20... Qc6 21. Nxe4 Rxe4 22.
Bxa6 (22. Bd3 Rb4 $17) 22... Bxb2 $17 23. Bb5 Qxc2 $1 24. Rad1 (24. Bxd7 Bxa1
25. Rxa1 Qc4 26. g3 Qd5 $19) 24... Nc5 25. Qg3 (25. Rd2 Qxd2 $19) 25... Rd4 26.
Rb1 (26. Rxd4 Bxd4 27. Bh6 Ne4 28. Qf3 Nf2+ 29. Rxf2 (29. Kg1 Ng4+ $19) 29...
Bxf2 $19) 26... Ne4 27. Qe3 $2 (27. Qf3 $142 Nd2 (27... Nc3 $2 28. Rxb2 Qxb2
29. Be5 $18) 28. Bxd2 Rxd2 $17) 27... Nd2 $19 28. Rxb2 Qxb2 29. Be5 (29. Rd1
Nb3 $19) 29... Nxf1 30. Qxd4 (30. Bxf1 Rd1) 30... Qc1 $1 (30... Qxd4 31. Bxd4
Nd2 32. Bxb6 $132) 31. h3 (31. Qg1 Qe3 32. Qxe3 Nxe3 33. Bd4 Nd5) 31... Qe1 32.
Bc7 (32. Bh8 Ng3+ 33. Kh2 Nf5 $19) 32... Ne3+ 33. Kh2 Qf2 34. Qe4 Rc8 35. Bxb6
Nf1+ 36. Bxf1 Qxb6 $1 37. h4 Qd6+ 38. g3 Rc3 39. Qe1 Ra3 40. a5 Ra2+ 0-1

[Event "Linares-03"]
[Site "Linares"]
[Date "1981.01.28"]
[Round "9"]
[White "Bellon Lopez, Juan Manuel"]
[Black "Ribli, Zoltan"]
[Result "1-0"]
[WhiteElo "2415"]
[BlackElo "2585"]
[Annotator "Kharitonov,A"]
[PlyCount "61"]
[EventDate "1981.01.17"]
[EventType "tourn"]
[EventRounds "11"]
[EventCountry "ESP"]
[EventCategory "13"]
[SourceTitle "MCL"]
[Source "ChessBase"]
[SourceDate "1999.07.01"]
[SourceVersion "1"]
[SourceVersionDate "1999.07.01"]
[SourceQuality "1"]

1. e4 c5 2. Nf3 d6 3. d4 cxd4 4. Nxd4 Nf6 5. Nc3 a6 6. f4 e5 7. Nf3 Nbd7 8. a4
Be7 9. Bc4 O-O 10. O-O Qb6+ $5 (10... Qc7 11. Qe2 exf4 12. Bxf4 Ne5 13. Bb3 Be6
14. Kh1 Ng6 15. Be3 Rfe8 16. a5 $14 {Honfi,K-Nemet,I/Stip/1978/}) (10... b6 11.
Qe2 Bb7 12. fxe5 dxe5 13. Bg5 h6 (13... Qc7 14. Rad1 Rfc8 15. Bb3 Nc5 16. Bxf6
Bxf6 17. Bd5 $14) 14. Bxf6 Nxf6 15. Rad1 Qc7 16. Kh1 Rfc8 17. Bb3 Bb4 (17... a5
$145) 18. Nh4 Bxc3 $2 19. Rxf6 $18 {Veroci,Zs-Lematscho,T/Rosendal1976/}) 11.
Kh1 exf4 12. a5 (12. Bd5 Ng4 $6 (12... Ne5 13. a5 Qc7 14. Bxf4 Be6 $10) (12...
Nh5 $5) 13. Nd4 Ne3 $2 14. Bxe3 fxe3 15. Rxf7 $1 $16 {Van der Wiel,J-Ribli,Z/
Amsterdam/1980/1:0 (29)/}) 12... Qc5 (12... Qc7 $5 13. Bd5 Ne5 14. Bxf4 Be6 $10
) 13. Bd5 Ng4 14. Nd4 Bf6 15. Rxf4 (15. Qxg4 Bxd4 16. Qxf4 Nf6 17. Ra3 Bxc3 18.
Rxc3 Qxa5 19. Qg5 $44) 15... Bxd4 16. Rxg4 Nf6 (16... Bxc3 $2 17. bxc3 Nf6 18.
Rg3 Ng4 19. Qd4 $16) 17. Rg5 Ng4 $5 18. Rxg4 $8 (18. Bxf7+ $2 Rxf7 19. Rxc5
Nf2+ $19) 18... Bxg4 19. Qxg4 Bxc3 20. Qe2 (20. bxc3 Qxc3 $19) 20... Rae8 (
20... Bxa5 21. Bxb7 $44) 21. Qd3 (21. bxc3 Qxd5 $19) 21... Bxa5 22. Be3 (22.
Bxb7 $2 Qb4 23. Bxa6 Qe1+ 24. Qf1 Qxf1+ 25. Bxf1 Rxe4 $19) 22... Qc7 (22... Qb4
$2 23. c3 $18) 23. Qd4 $1 Qd8 $8 24. Bxb7 $44 Bc7 25. Bd5 $1 (25. Bxa6 $2 d5
26. exd5 Qd6 27. Bg1 Ra8 $17) 25... a5 26. Rf1 Kh8 27. Rf3 (27. Rxf7 $2 Rxf7
28. Bxf7 Rf8 29. Bc4 Qf6 $17) 27... f6 28. Rh3 Re5 29. Qd1 (29. Bf4 Bb6 30. Qd1
Qe8 31. Bxe5 Qxe5 32. c3 Bc5 $10) 29... Qe8 30. Qg4 Qb5 $4 (30... Rxd5 31. exd5
Kg8 $13) (30... f5 31. Rxh7+ (31. Qh4 Qg6 32. Rg3 $2 Qf6 33. Bg5 Rxd5 $1 34.
exd5 Qxb2 $17) 31... Kxh7 32. Qh4+ Kg6 33. Qg5+ Kh7 34. Qh4+ $10) 31. Qg6 (31.
Qg6 Qf1+ 32. Bg1 h6 33. Rxh6+ $18) 1-0

[Event "Bundesliga 9697"]
[Site "Germany"]
[Date "1997.??.??"]
[Round "?.2"]
[White "Kindermann, Stefan"]
[Black "King, Daniel J"]
[Result "1/2-1/2"]
[WhiteElo "2540"]
[BlackElo "2535"]
[Annotator "King,D"]
[PlyCount "69"]
[EventDate "1996.10.12"]
[EventType "team-tourn"]
[EventRounds "15"]
[EventCountry "GER"]
[SourceTitle "GER-chT"]
[Source "ChessBase"]
[SourceDate "1999.07.01"]
[SourceVersion "1"]
[SourceVersionDate "1999.07.01"]
[SourceQuality "1"]
[WhiteTeam "Werder Bremen"]
[BlackTeam "Castrop Rauxel"]
[WhiteTeamCountry "GER"]
[BlackTeamCountry "GER"]

1. e4 c5 2. Nf3 d6 3. d4 cxd4 4. Nxd4 Nf6 5. Nc3 a6 6. f4 g6 7. Nf3 Bg7 8. Bd3
O-O 9. O-O Nbd7 (9... b5 $5 10. e5 dxe5 11. fxe5 Ng4 12. Be4 Qxd1 13. Rxd1 Ra7
14. Bf4 Nd7 15. e6 fxe6 $15 {Kindermann}) 10. a4 Nc5 11. Qe1 e6 12. Kh1 b6 13.
Bd2 Bb7 14. b4 Nxd3 15. cxd3 Rc8 16. Rc1 Nd7 17. Qg3 $6 ({I think White should
try} 17. f5 exf5 18. exf5 Ne5 19. Nxe5 dxe5 20. Qg3 {when chances are about
equal. The bishop on b7 is strong, but in return the bishop on d2 is working
and the f-pawn is quite irritating.}) 17... f5 $1 {Blocking the f-pawn and so
blocking White's pieces. It also softens White's centre in readiness for the
bishop on b7.} 18. Rfe1 Qf6 19. Qf2 e5 $5 $132 20. exf5 gxf5 21. Ne2 e4 22.
dxe4 fxe4 23. Nfd4 Ne5 24. Rxc8 Rxc8 25. Rc1 (25. Rf1 Nc4 $5 (25... Nd3 26. Qg3
$132) 26. Bc3 e3 27. Qg3 Nd2 28. Rc1 $1 Ne4 (28... Qg6 29. Nf5 $1) 29. Qxe3
Nxc3 30. Rxc3 Rxc3 31. Qxc3 Qg6 32. Qb3+ Kh8 $132) 25... Rxc1+ 26. Bxc1 Nd3 27.
Qe3 Nxb4 (27... Qh4 $5 28. Bd2 Nf2+ (28... Qf2 $5 29. Qxf2 Nxf2+ 30. Kg1 Nd1
31. Nf5 Bf8) 29. Kg1 Ng4 30. Qg3 Qxg3 31. hxg3) 28. Qb3+ Nd5 29. Qh3 Kh8 30.
Kg1 h6 31. Bb2 e3 32. Qd7 Qe7 33. Qxe7 Nxe7 34. Ba3 Nd5 35. Bxd6 {and here,
short of time, I accepted a draw, but I missed 35...Bc8! with the idea 36...
Bd7 (Libeau), which gives Black good chances.} 1/2-1/2

[Event "Telechess ol2 8182"]
[Site "telex"]
[Date "1981.06.30"]
[Round "1.1"]
[White "Nunn, John DM"]
[Black "Gruenfeld, Yehuda"]
[Result "1-0"]
[WhiteElo "2575"]
[BlackElo "2500"]
[Annotator "King,D"]
[PlyCount "45"]
[EventDate "1981.06.30"]
[EventType "team-k.o."]
[EventRounds "4"]
[SourceTitle "CBM 068"]
[Source "ChessBase"]
[SourceDate "1999.02.01"]
[SourceVersion "1"]
[SourceVersionDate "1999.02.01"]
[SourceQuality "1"]
[WhiteTeam "England"]
[BlackTeam "Israel"]
[WhiteTeamCountry "ENG"]
[BlackTeamCountry "ISR"]

1. e4 c5 2. Nf3 d6 3. d4 cxd4 4. Nxd4 Nf6 5. Nc3 a6 6. f4 Qc7 7. Nf3 Nbd7 8.
Bd3 g6 9. O-O Bg7 10. Qe1 O-O (10... b5 {is the best move. By not committing
the king, Black is able to hold up the standard attack on the kingside. If
White wishes to disrupt Black's development he may play:} 11. e5 dxe5 12. fxe5
Ng4 13. e6 fxe6 14. Qh4 {, with some compensation for the pawn. There have
been many games starting from this point with the general conclusion that
Black should be fine. The latest example:} Ndf6 15. Bg5 Bb7 16. Rae1 Bxf3 17.
Rxf3 Ne5 18. Rff1 Nxd3 19. cxd3 O-O 20. Rxe6 Qa7+ 21. Be3 Qd7 22. Qh3 Nd5 23.
Rxf8+ Rxf8 24. Nxd5 Qxd5 25. Rxe7 Qxa2 26. Qe6+ Qxe6 27. Rxe6 Bxb2 28. Rxa6 Rb8
$17 {0-1 Kindermann,S-Van Wely,L/BL9798 1998 (60)}) 11. Qh4 b5 12. f5 {[%cal
Rc1h6,Rf3g5] White's attack is already extremely dangerous. The plan is simple:
Bh6, Ng5, then do everything you can to get rid of the knight on f6.} Bb7 $2 {
Blunder.} 13. fxg6 fxg6 (13... hxg6 14. Ng5 {doesn't appeal.}) 14. Ng5 Nc5 15.
Rxf6 $1 Rxf6 16. Qxh7+ Kf8 17. Be3 Nxd3 18. cxd3 Qd7 19. Nd5 Bxd5 20. exd5 Qf5
21. Ne6+ Rxe6 22. dxe6 Qxe6 23. Bh6 1-0

[Event "Wch U18"]
[Site "Guarapuava"]
[Date "1995.??.??"]
[Round "3"]
[White "Rowson, Jonathan"]
[Black "Kempinski, Robert"]
[Result "0-1"]
[WhiteElo "2400"]
[BlackElo "2455"]
[Annotator "Konikowski,J"]
[PlyCount "66"]
[EventDate "1995.??.??"]
[EventType "swiss"]
[EventRounds "11"]
[EventCountry "BRA"]
[SourceTitle "CBM 051"]
[Source "ChessBase"]
[SourceDate "1996.04.01"]
[SourceVersion "1"]
[SourceVersionDate "1996.04.01"]
[SourceQuality "1"]

1. e4 c5 2. Nf3 d6 3. d4 cxd4 4. Nxd4 Nf6 5. Nc3 a6 6. f4 e5 7. Nf3 Nbd7 8. a4
Be7 9. Bd3 O-O 10. O-O exf4 (10... Nc5 11. Kh1 exf4 12. Bxf4 Bg4 13. Be3 Rc8
14. Qe1 Bh5 (14... d5 $5) 15. Nd4 Ng4 16. Bf4 Ne6 17. Nf5 Nxf4 18. Nxe7+ Qxe7
19. Rxf4 Ne5 $2 (19... Qe5 $142 {Kindermann,S}) 20. Nd5 $16 {Kindermann,
S-Enders,P/Ptuj/1995/}) 11. Bxf4 Qb6+ 12. Kh1 Qxb2 13. Qd2 $6 (13. Qe1 $5)
13... Qb6 14. Nd5 Nxd5 15. exd5 Nc5 16. Rae1 Qd8 17. h3 Bf6 18. Re3 b5 19. g4
$2 (19. axb5 Nxd3 20. Qxd3 axb5 $17) 19... Nxa4 $19 20. g5 Bc3 21. Qg2 g6 22.
h4 Bb7 23. Nh2 Bg7 24. Be4 Nc3 25. Bf3 Qd7 26. Rd3 f5 27. gxf6 Rxf6 28. Bg5 Rf5
29. Re1 Re8 30. Re6 Nxd5 $1 31. Rxe8+ (31. Bxd5 Bxd5 32. Rxe8+ Qxe8 33. Rxd5
Qe1+ $19) 31... Qxe8 32. Ng4 (32. Bxd5+ Bxd5 33. Rxd5 Qe1+ $19) 32... Qf7 33.
Be4 (33. Nh6+ Bxh6 34. Bxh6 Ne3 35. Rxd6 Qe8 36. Bxb7 Nxg2 37. Kxg2 Qe7 $19)
33... Nf4 0-1

[Event "Interzonal-14b"]
[Site "Szirak"]
[Date "1987.??.??"]
[Round "5"]
[White "Beliavsky, Alexander G"]
[Black "Marin, Mihail"]
[Result "1/2-1/2"]
[WhiteElo "2630"]
[BlackElo "2475"]
[Annotator "Marin,M"]
[PlyCount "70"]
[EventDate "1987.07.??"]
[EventType "tourn"]
[EventRounds "17"]
[EventCountry "HUN"]
[EventCategory "12"]
[SourceTitle "CBM 003"]
[Source "ChessBase"]
[SourceDate "1988.04.01"]
[SourceVersion "1"]
[SourceVersionDate "1988.04.01"]
[SourceQuality "1"]

1. e4 c5 2. Nf3 d6 3. d4 cxd4 4. Nxd4 Nf6 5. Nc3 a6 6. f4 e5 7. Nf3 Nbd7 8. a4
Be7 9. Bc4 Qa5 10. Qe2 O-O 11. Ba2 exf4 12. O-O Ne5 13. Bxf4 Be6 14. Bxe6 (14.
Bd2) 14... Nxf3+ $5 (14... fxe6) 15. Qxf3 (15. Rxf3 fxe6 16. Raf1 (16. e5 Nh5)
16... Ng4 $13) 15... fxe6 16. Qh3 Qc5+ 17. Kh1 Qc4 18. b3 (18. Rae1 $2 e5 {
/\ Ne4}) 18... Qc8 19. Rad1 $6 (19. e5 dxe5 20. Bxe5 Qc6 $13) 19... e5 $1 $15
20. Bg5 Qxh3 21. gxh3 Rac8 22. Bxf6 (22. Rd3 Rc6 $15 (22... Rxc3 $6 23. Rxc3
Nxe4 24. Rxf8+ Bxf8 25. Rc7 Nxg5 26. Rxb7 {/\ b4, a5, b5~/= <=>})) 22... Bxf6
23. Rd3 Rc6 24. Kg2 (24. Nd5 $5 Rxc2 25. Nxf6+ Rxf6 26. Rxf6 gxf6 27. Rxd6 Kf7
28. Rd7+ Kg6 29. Rxb7 Re2 30. Rb4 (30. Rb6 Rxe4 31. Rxa6 Rb4) 30... Kg5 31. Kg1
h5 $15 {_|_} (31... Kf4 32. Rb6)) 24... Bd8 $5 (24... Rfc8 {/\ Kf7-e6, Bd8-a5,
>< c2} 25. Rff3 Kf7 26. h4 Ke6 27. Kh3 Rc5 (27... Bd8 28. Rg3 g6 (28... Ba5 29.
Nd5 {/\ Rg7}) 29. Rgf3 {/\} Ba5 30. Nd5 Rxc2 31. Rf6+ $132) 28. Rg3 b5 29. axb5
axb5 30. Rgf3 b4 31. Nd5 {>< b4}) 25. Rxf8+ Kxf8 26. Kf1 $1 Ba5 $6 (26... Ke8
$1 {/\ Kd7, Ba5; Beliavsky,A} 27. Ne2 $8 Rxc2 28. Rxd6 Bc7 29. Rd3 Rb2 $15) 27.
Ne2 Rxc2 28. Rxd6 Rb2 29. Rd5 Bb6 (29... Bb4 $2 30. Rd8+ {/\ Rb8}) (29... b6
30. Rxe5 $5 (30. Rd3) 30... Rxb3 31. Nd4 Rb4 (31... Rxh3 $4 32. Ne6+ {/\ Nf4})
32. Ne6+ Kf7 33. Nd8+ Kg6 34. Re6+ Kg5 35. Re8 {/\ e5-e6~/= >< Ba5}) 30. Rd7
$10 Rxb3 (30... Rb1+ 31. Kg2 Rb2 $10) 31. Rxb7 Rf3+ 32. Kg2 Rf2+ 33. Kg3 Rxe2 (
33... Be3 $6 34. Nc3 {/\ Nd5+/=}) 34. Rxb6 Re3+ 35. Kg2 Rxe4 1/2-1/2